000 01165nam a22002417a 4500
005 20120727111441.0
010 _aB-477221
020 _a9789380836713
_c 1000.00
035 _aB-477221
037 _adpl
_bK.K.Pub/Ven
082 _a954.021
100 _aSingh, Mahesh Vikram.
_950858
245 _aDelhi Sultanate/
_cby Mahesh Vikram Singh and Brij Bhushan Shrivastava
260 _aNew Delhi
_bCentrum press
_c2011
270 _a4360/4, Ansari Road, Daryaganj,
_bNew delhi
_e110002
300 _a296 p.
_c22 cm (Hb)
490 _aEncyclopaedic history of india: series
_950859
500 _ait includes bibliographical references
700 _aBrij Bhushan Shrivastava
_950860
942 _2ddc
_cEN
_mSIN
_h954.021
999 _c68754
_d68754